000 00253nam a22001217a 4500
008 180807b xxu||||| |||| 00| 0 eng d
041 _aeng
080 _a612.39
100 _a10
101 _aNUT
245 _aSmilac With Iron
_cRoss
942 _2udc
_cBK
999 _c46937
_d46937